Oscar's lion : (Record no. 5995)

MARC details
000 -LEADER
fixed length control field 01177nam a22002417a 4500
001 - CONTROL NUMBER
control field 5995
003 - CONTROL NUMBER IDENTIFIER
control field FISKH
005 - DATE AND TIME OF LATEST TRANSACTION
control field 20250225092409.0
008 - FIXED-LENGTH DATA ELEMENTS--GENERAL INFORMATION
fixed length control field 250219b cb ||||| |||| 00| 0 eng d
020 ## - INTERNATIONAL STANDARD BOOK NUMBER
International Standard Book Number 9780008424213
Terms of availability $13.50
040 ## - CATALOGING SOURCE
Original cataloging agency FISKH
Language of cataloging eng
Transcribing agency FISKH
Modifying agency FISKH
050 ## - LIBRARY OF CONGRESS CALL NUMBER
Classification number PZ7
082 ## - DEWEY DECIMAL CLASSIFICATION NUMBER
Classification number 823.00
100 ## - MAIN ENTRY--PERSONAL NAME
Personal name Baron, Adam
245 ## - TITLE STATEMENT
Title Oscar's lion :
Remainder of title 'Beautiful, adventurous, powerful' /
Statement of responsibility, etc. Adam Baron ; Illustrated by Benji Davies
260 ## - PUBLICATION, DISTRIBUTION, ETC.
Place of publication, distribution, etc. London :
Name of publisher, distributor, etc. Harper Collins Children's Book,
Date of publication, distribution, etc. 2023.
300 ## - PHYSICAL DESCRIPTION
Extent 183 pages :
Other physical details illustrations ;
Dimensions 20 cm
520 ## - SUMMARY, ETC.
Summary, etc. Oscar is a little terrified to find that a lion is going to be looking after him for the weekend. But when the lion lets him eat as many biscuits as he wants, and reads him his favorite story ten times, Oscar realizes he might be on to something good. Soon, Oscar discovers that the lion can change into different animals and the pair find themselves having all kinds of adventures! But before the lion has to go, might he have one more amazing transformation up his sleeve?
650 ## - SUBJECT ADDED ENTRY--TOPICAL TERM
Topical term or geographic name entry element Animal
Form subdivision Fiction
700 ## - ADDED ENTRY--PERSONAL NAME
Personal name Davies, Benji
Relator term illustrator
942 ## - ADDED ENTRY ELEMENTS (KOHA)
Source of classification or shelving scheme Dewey Decimal Classification
Koha item type Books
Suppress in OPAC No
Holdings
Withdrawn status Lost status Source of classification or shelving scheme Damaged status Not for loan Collection Home library Current library Shelving location Date acquired Total Checkouts Full call number Barcode Date last seen Copy number Price effective from Koha item type Date last checked out
    Dewey Decimal Classification     Fiction Footprints International School Library Network Toul Kork Campus Footprints International School Library Network Toul Kork Campus A TK Campus, 4th Floor, Room B401, Fiction Bookcases (1-6) 02/19/2025   BAR 823.00 PZ7 2025-0616 03/20/2026 1 02/19/2025 Books  
    Dewey Decimal Classification     Fiction Footprints International School Library Network Toul Tom Poung Campus Footprints International School Library Network Toul Tom Poung Campus TTP Secondary Fiction Bookshelves 02/19/2025 2 BAR 823.00 PZ7 2025-0617 09/30/2025 2 02/19/2025 Books 07/15/2025